LDR 00748naa#a2200169#i#450# 001 RU\\bibl\124231 005 20260630143702.2 011 ## _a2073-0454 100 ## _a20240216b2024####ek#y0rusy0150####ca 102 ## _aRU 200 1# _aТеория безопасности союзного государства: состояние и концепты развития _eЖурнальная статья 210 1# _aМосква _cМосковский университет МВД России имени В.Я. Кикотя _d2024 215 ## _a5 с. 608 ## _aЖурнальная статья _2local 675 ## _aПраво. Юридические науки. 34 _z 700 #1 _aВоронов _gАлексей Михайлович 856 4# _amosumvd.editorum.ru _u